BTO Species Codes - Statistics

General Stats
  • This quiz has been taken 11 times
  • The average score is 116 of 238
Answer Stats
Hint Answer % Correct
Avocet AV
100%
Blackbird B.
100%
Blackcap BC
100%
Bullfinch BF
100%
Brent Goose BG
100%
Black-headed Gull BH
100%
Bittern BI
100%
Black Grouse BK
100%
Brambling BL
100%
Black-necked Grebe BN
100%
Barn Owl BO
100%
Bearded Tit BR
100%
Berwick's Swan BS
100%
Blue Tit BT
100%
Buzzard BZ
100%
Carrion Crow C.
100%
Corn Bunting CB
100%
Collared Dove CD
100%
Canada Goose CG
100%
Chaffinch CH
100%
Cuckoo CK
100%
Common Gull CM
100%
Coot CO
100%
Cappercaillie CP
100%
Common Sandpiper CS
100%
Coal Tit CT
100%
Curlew CU
100%
Cetti's Warbler CW
100%
Dunnock D.
100%
Dipper DI
100%
Dunlin DN
100%
Dotterel DO
100%
Dartford Warbler DW
100%
Egyptian Goose EG
100%
Fulmar F.
100%
Firecrest FC
100%
Fieldfare FF
100%
Feral Pigeon FP
100%
Gadwall GA
100%
Golden Plover GP
100%
Garden Warbler GW
100%
Bluethroat BU
50%
Black-tailed Godwit BW
50%
Cormorant CA
50%
Chiffchaff CC
50%
Corn Crake CE
50%
Chough CF
50%
Crested Tit CI
50%
Cirl Bunting CL
50%
Crossbill (Common) CR
50%
Rock Dove (not feral) DV
50%
Green Woodpecker G.
50%
Great Black-backed Gull GB
50%
Goosander GD
50%
Green Sandpiper GE
50%
Great Crested Grebe GG
50%
Grasshopper Warbler GH
50%
Greenshank GK
50%
Grey Wagtail GL
50%
Goldeneye GN
50%
Goldfinch GO
50%
Greenfinch GR
50%
Great Spotted Woodpecker GS
50%
Great Tit GT
50%
Guillemot GU
50%
Grey Plover GV
50%
Gannet GX
50%
Garganey GY
50%
Grey Heron H.
50%
Hooded Crow HC
50%
Hawfinch HF
50%
Herring Gull HG
50%
Hen Harrier HH
50%
House Martin HM
50%
Hoopoe HP
50%
House Sparrow HS
50%
Hobby HY
50%
Honey Buzzard HZ
50%
Jay J.
50%
Jackdaw JD
50%
Kestrel K.
50%
Kingfisher KF
50%
Kittiwake KI
50%
Knot KN
50%
Red Kite KT
50%
Lapwing L.
50%
Lesser Black-backed Gull LB
50%
Long-eared Owl LE
50%
Little Grebe LG
50%
Linnet LI
50%
Little Owl LO
50%
Little Ringed Plover LP
50%
Redpoll (Lesser) LR
50%
Lesser Spotted Woodpecker LS
50%
Long-tailed Tit LT
50%
Lesser Whitethroat LW
50%
Mistle Thrush M.
50%
Mallard MA
50%
Magpie MG
50%
Moorhen MH
50%
Merlin ML
50%
Mandarin Duck MN
50%
Montagu's Harrier MO
50%
Meadow Pipit MP
50%
Marsh Harrier MR
50%
Mute Swan MS
50%
Marsh Tit MT
50%
Mediterranean Gull MU
50%
Marsh Warbler MW
50%
Manx Shearwater MX
50%
Nightingale N.
50%
Nuthatch NH
50%
Nightjar NJ
50%
Oystercatcher OC
50%
Golden Oriole OL
50%
Osprey OP
50%
Peregrine PE
50%
Pied Flycatcher PF
50%
Pink-footed Goose PG
50%
Pheasant PH
50%
Ptarmigan PM
50%
Pochard PO
50%
Purple Sandpiper PS
50%
Pintail PT
50%
Puffin PU
50%
Pied Wagtail PW
50%
Quail Q.
50%
Robin R.
50%
Razorbill RA
50%
Reed Bunting RB
50%
Rock Pipit RC
50%
Redwing RE
50%
Red Grouse RG
50%
Redshank RK
50%
Red-legged Partridge RL
50%
Red-breasted Merganser RM
50%
Raven RN
50%
Rook RO
50%
Ringed Plover RP
50%
Roseate Tern RS
50%
Redstart RT
50%
Ruff RU
50%
Reed Warbler RW
50%
Ruddy Duck RY
50%
Ring Ouzel RZ
50%
Skylark S.
50%
Shag SA
50%
Snow Bunting SB
50%
Stonechat SC
50%
Stock Dove SD
50%
Short-eared Owl SE
50%
Spotted Flycatcher SF
50%
Starling SG
50%
Sparrowhawk SH
50%
Swift SI
50%
Siskin SK
50%
Swallow SL
50%
Sand Martin SM
50%
Snipe SN
50%
Song Thrush ST
50%
Shelduck SU
50%
Shoveler SV
50%
Sedge Warbler SW
50%
Teal T.
50%
Treecreeper TC
50%
Turtle Dove TD
50%
Temminck's Stint TK
50%
Tawny Owl TO
50%
Tree Pipit TP
50%
Tree Sparrow TS
50%
Turnstone TT
50%
Tufted Duck TU
50%
Twite TW
50%
Savi's Warbler VI
50%
Wheatear W.
50%
Water Rail WA
50%
Whinchat WC
50%
White-fronted Goose WG
50%
Whitethroat WH
50%
Woodcock WK
50%
Woodlark WL
50%
Whimbrel WM
50%
Wigeon WN
50%
Wood Warbler WO
50%
Woodpigeon WP
50%
Wren WR
50%
Willow Tit WT
50%
Willow Warbler WW
50%
Wryneck WY
50%
Yellowhammer Y.
50%
Yellow Wagtail YW
50%
Arctic Skua AC
0%
Arctic Tern AE
0%
Little Tern AF
0%
Spotted Crake AK
0%
Bar-tailed Godwit BA
0%
Black Tern BJ
0%
Black-throated Diver BV
0%
Black Redstart BX
0%
Barnacle Goose BY
0%
Common Tern CN
0%
Common Scoter CX
0%
Scottish Crossbill CY
0%
Spotted Redshank DR
0%
Golden Eagle EA
0%
Red-backed Shrike ED
0%
Little Egret ET
0%
Red-footed Falcon FV
0%
Guineafowl (Helmeted) FW
0%
Golden Pheasant GF
0%
Goshawk GI
0%
Greylag Goose GJ
0%
Lapland Bunting LA
0%
Lady Amherst's Pheasant LM
0%
Little Gull LU
0%
Great Northern Diver ND
0%
Red-necked Phalarope NK
0%
Serin NS
0%
Great Skua NX
0%
Wood Sandpiper OD
0%
Grey Partridge P.
0%
Peafowl/Peacock PX
0%
Red-throated Diver RH
0%
Ring-necked Parakeet RI
0%
Red-crested Pochard RQ
0%
Scaup SP
0%
Scarlet Rosefinch SQ
0%
Sanderling SS
0%
Shorelark SX
0%
Slavonian Grebe SZ
0%
Sandwich Tern TE
0%
Leach's Petrel TL
0%
Storm Petrel TM
0%
Stone-curlew TN
0%
Black Guillemot TY
0%
Whooper Swan WS
0%
Feral/hybrid mallard type ZF
0%
Feral/hybrid goose ZL
0%
No matching quizzes found
Score Distribution
Percent of People with Each Score
Percentile by Number Answered
Your Score History
You have not taken this quiz